Statistiques concernant Pays américains aléatoires par drapeau

Cliquez ici pour prendre le quiz!

Statistiques générales

  • Ce quiz a été pris 13 454 fois
    (13 222 depuis la dernière actualisation)
  • Le résultat moyen est 6 sur 8

Statistiques - réponses

Réponse% Correct
Argentine
98%
Brésil
98%
Canada
98%
Etats-Unis
97%
Mexique
97%
Jamaïque
94%
Colombie
93%
Uruguay
91%
Cuba
90%
Venezuela
88%
Chili
85%
Pérou
85%
Panama
84%
Équateur
82%
Honduras
77%
Costa Rica
75%
Haïti
71%
Barbade
69%
République dominicaine
67%
Paraguay
66%
Guatemala
63%
Nicaragua
62%
Bahamas
60%
Bolivie
60%
Sainte-Lucie
59%
Salvador
59%
Trinité-et-Tobago
59%
Suriname
56%
Belize
53%
Dominique
52%
Grenade
52%
Saint-Vincent-et-les- Grenadines
51%
Guyana
49%
Antigua-et-Barbuda
46%
Saint-Christophe- et-Niévès
38%

Distribution des résultats

Percentile par nombre de réponses

% des personnes avec chaque résultat

Votre développement - résultats

Vous n’avez pas pris ce quiz depuis la dernière actualisation